[Event "11th Prague Open A"]
[Site "Prague CZE"]
[Date "2012.01.16"]
[Round "4"]
[White "Simonian,T"]
[Black "Gazel,F"]
[Result "0-1"]
[WhiteElo "2420"]
[BlackElo "2274"]

1.d4 Nf6 2.c4 e6 3.Nf3 b6 4.g3 Ba6 5.Qa4 Bb7 6.Bg2 c5 7.dxc5 Bxc5 8.O-O O-O
9.Nc3 Be7 10.Rd1 Na6 11.Bf4 Nc5 12.Qc2 Nfe4 13.b4 Nxc3 14.Qxc3 Ne4 15.Qb3 Qc8
16.a3 Rd8 17.Rac1 d6 18.Be3 Qc7 19.Nd4 Rac8 20.f3 Nf6 21.Bh3 Qb8 22.Bf2 Rd7
23.e4 Rdc7 24.Be3 Ba6 25.Nb5 Rc6 26.a4 Nd7 27.f4 Rd8 28.Rc2 Nf6 29.Bg2 Rcc8
30.Bd4 Bb7 31.Qe3 d5 32.Be5 Ng4 33.Qe2 Nxe5 34.exd5 Ng6 35.f5 exf5 36.Qe1 a6
37.Nd4 Re8 38.Qd2 Ne5 39.Nxf5 Nxc4 40.Qd4 Bf6 41.Qf2 Nd6  0-1

[Event "ch-Belgrade w 2012"]
[Site "Belgrade SRB"]
[Date "2012.01.23"]
[Round "2.2"]
[White "Djukic,Sa"]
[Black "Panic,A"]
[Result "0-1"]
[WhiteElo "2197"]
[BlackElo "1928"]

1.Nf3 Nf6 2.d4 e6 3.c4 b6 4.g3 Ba6 5.b3 Bb4+ 6.Bd2 Be7 7.Bg2 c6 8.O-O O-O
9.Qc2 d5 10.Rd1 Nbd7 11.Be1 Rc8 12.Nc3 Qc7 13.e4 dxc4 14.e5 Nd5 15.Ne4 cxb3
16.axb3 Bb5 17.Neg5 g6 18.Qe4 Kg7 19.h4 c5 20.h5 Bc6 21.Qh4 h6 22.hxg6 Rh8
23.gxf7 hxg5 24.Nxg5 Bxg5 25.Qxg5+ Kxf7 26.dxc5 Rhg8 27.Qd2 Nxc5 28.Ra3 a5
29.b4 axb4 30.Rf3+ Ke8 31.Rf6 Qxe5 32.Rh6  0-1

[Event "ch-Belgrade 2012"]
[Site "Belgrade SRB"]
[Date "2012.01.24"]
[Round "3.12"]
[White "Bozovic,V"]
[Black "Radlovacki,J"]
[Result "1/2-1/2"]
[WhiteElo "2187"]
[BlackElo "2421"]

1.d4 Nf6 2.Nf3 e6 3.c4 b6 4.g3 Ba6 5.Qa4 c5 6.Bg2 Bb7 7.dxc5 Bxc5 8.O-O Be7
9.Nc3 O-O 10.Rd1 d6 11.Bf4 a6 12.Rd2 Qc7 13.Rad1 Rd8 14.e4 Nc6 15.e5 Nxe5
16.Nxe5 Bxg2 17.Kxg2 dxe5 18.Rxd8+ Rxd8 19.Rxd8+ Bxd8 20.Bg5 Qc8 21.f3 h6
22.Bxf6 Bxf6 23.Ne4 Be7 24.a3 g6 25.Qc2 f5 26.Nf2 Bc5 27.b4 Bd4 28.c5 bxc5
29.Qc4 Qc6 30.bxc5 g5 31.Nd3 g4 32.Ne1 Kf7 33.h3 h5 34.hxg4 hxg4 35.a4 Ke7
36.Qe2 Kf6 37.Kh2 gxf3 38.Nxf3 Qxc5 39.Qd2 Qd5 40.Qh6+ Ke7 41.Qg7+ Kd6 42.Qf8+ Kc7
43.Ng5 Qd7 44.Qb4 Qd6 45.Qb3 Bb6 46.Nxe6+ Kb7 47.Qf3+ e4 48.Qxf5 e3 49.Qe4+ Ka7
50.Qh7+ Kb8 51.Qg8+ Kb7 52.Qf7+ Kb8 53.Qe8+ Kb7 54.Qf7+  1/2-1/2

[Event "15th Metropolitan IM"]
[Site "Los Angeles USA"]
[Date "2012.01.25"]
[Round "1"]
[White "Kavutskiy,K"]
[Black "Akopyan,H"]
[Result "1/2-1/2"]
[WhiteElo "2315"]
[BlackElo "2279"]

1.d4 Nf6 2.c4 e6 3.Nf3 b6 4.g3 Ba6 5.Nbd2 c5 6.Bg2 Bb7 7.dxc5 bxc5 8.O-O Be7
9.b3 O-O 10.Qc2 d5 11.cxd5 exd5 12.Bb2 Qb6 13.Ng5 Nbd7 14.e4 h6 15.Nh3 dxe4
16.Nxe4 Nd5 17.Rfe1 Qg6 18.Rad1 N7b6 19.f4 Nb4 20.Qf2 Qh5 21.a3 Bxe4 22.Bxe4 Rad8
23.Rxd8 Rxd8 24.axb4 Qxh3 25.Bg2 Qd7 26.bxc5 Rc8 27.Rxe7 Qxe7 28.cxb6 axb6
29.h3 Qb4 30.Kh2 Re8 31.Qd4 Qxd4 32.Bxd4 Rd8 33.Bxb6 Rb8 34.Bf2 Rxb3 35.Be4 g6
36.g4 Rb4 37.Bg2 Rxf4 38.Be3 Ra4 39.Bxh6 f5 40.Bd5+ Kh7 41.g5 Rd4 42.Bf3 Kg8
43.Kg3 Kf7 44.h4 Rd3 45.Kf4 Rd4+ 46.Ke5 Rxh4 47.Bd5+ Ke7 48.Bg7 Ra4 49.Bf6+ Kf8
50.Bd8 Kg7 51.Bb6 Rg4 52.Be3 Rg3 53.Bf4 Ra3 54.Ke6 Ra6+ 55.Ke7 Ra7+ 56.Ke8 Ra5
57.Bc6 Rc5 58.Bd7 Ra5 59.Ke7 Rc5 60.Ke6 Ra5 61.Be5+ Kh7 62.Bc8 Rc5 63.Bb7 Rb5
64.Bd5 Rb6+ 65.Kd7 Rb5 66.Kc6 Rb4 67.Bc3 Rg4 68.Bf6 Ra4 69.Kd7 Ra5 70.Bc6 Rc5
71.Bf3 Rb5 72.Ke7 Rb3 73.Bd5 Rb8 74.Kf7 Rb5 75.Bg2 Rb8 76.Be7 Rb5 77.Bf1 Ra5
78.Bc4 Ra4 79.Bb3 Ra6 80.Bd1 Ra5 81.Bf3 Rb5 82.Bd6 Rb6 83.Ke7 Rb5 84.Kf8 Rb6
85.Bc7 Rb5 86.Be2 Rc5 87.Bd6 Rc6 88.Be7 Rc2 89.Bd3  1/2-1/2

[Event "ch-Belgrade 2012"]
[Site "Belgrade SRB"]
[Date "2012.01.28"]
[Round "7.3"]
[White "Lajthajm,B"]
[Black "Perunovic,Mio"]
[Result "0-1"]
[WhiteElo "2498"]
[BlackElo "2466"]

1.d4 Nf6 2.c4 e6 3.Nf3 b6 4.g3 Ba6 5.b3 Bb4+ 6.Bd2 Be7 7.Bg2 c6 8.O-O d5
9.Qc2 Nbd7 10.Rc1 Rc8 11.Qb2 O-O 12.Bf4 c5 13.Qa3 Bb7 14.Qxa7 Bc6 15.Nc3 Ne8
16.dxc5 Bxc5 17.cxd5 Ra8 18.dxc6 Rxa7 19.Rd1 Qe7 20.Nb5 Ndf6 21.Nxa7 Qxa7
22.Ne5 Nc7 23.Nd7 Rc8 24.Nxc5 bxc5 25.Bxc7 Qxc7 26.Rac1 Qa5 27.Rc2 Nd5 28.Bxd5 exd5
29.Rxd5 Rxc6 30.b4 Qa8 31.bxc5 g6 32.Rd3 Kf8 33.a3 Qa4 34.Rcc3 g5 35.e3 Qa5
36.h3 h5 37.Kg2 Rxc5 38.Rxc5 Qxc5 39.e4 Qc2 40.Re3 Ke7 41.e5 Ke6 42.Kg1 Qd1+
43.Kg2 Kd5 44.Kh2 g4 45.hxg4 hxg4 46.Kg2 Ke6 47.Rc3 Kxe5 48.Re3+ Kd4 49.Re7 Qf3+
50.Kg1 f5 51.Ra7 Kd3 52.Re7 Kc4 53.Re3 Qd5 54.Kh2 Qd1 55.Kg2  0-1

[Event "Basque Teams 2012"]
[Site "Bergara ESP"]
[Date "2012.01.28"]
[Round "3.1"]
[White "Miguelez Garcia,E"]
[Black "Salinero de Prado,J"]
[Result "1/2-1/2"]
[WhiteElo "2022"]
[BlackElo "2141"]

1.d4 Nf6 2.c4 e6 3.Nf3 b6 4.g3 Ba6 5.Qc2 c6 6.Bg2 b5 7.b3 d5 8.O-O Nbd7 9.Rd1 Be7
10.Ba3 O-O 11.Bxe7 Qxe7 12.a4 bxc4 13.bxc4 Rab8 14.Nbd2 Nb6 15.Ne5 Rbc8 16.Qc3 c5
17.Qa5 Bxc4 18.Ndxc4 Nxc4 19.Nxc4 dxc4 20.Rac1 cxd4 21.Rxd4 Qa3 22.Rcxc4 Rxc4
23.Rxc4 Qa1+ 24.Bf1 h5 25.Qxa7 Rd8 26.Kg2 Rd1 27.Rc8+ Kh7 28.Qxf7 Rxf1 29.Rc7 Rg1+
30.Kf3 Ng4 31.Qxh5+ Nh6 32.Qg5 Qa3+ 33.e3 Qf8+ 34.Qf4 Qe8 35.Qe4+ Nf5 36.g4 Qg6
37.h3 Nh4+ 38.Kf4 Ng2+ 39.Ke5 Qxe4+ 40.Kxe4 Ra1 41.Ra7 Ra2 42.f4 Re2 43.f5 Rxe3+
44.Kd4 e5+ 45.Kd5 Nf4+ 46.Kd6 Kh6 47.h4 e4 48.Ra8 Kh7 49.g5 Rf3 50.Ra7 e3
51.f6 Nh5 52.Re7 Kg6 53.fxg7 Nxg7 54.Kc5 Nf5 55.Re5 Rf4 56.a5 Ra4 57.Kb6 Rb4+
58.Kc7 Rc4+ 59.Kb6 Rb4+  1/2-1/2

[Event "Moscow Open 2012 A"]
[Site "Moscow RUS"]
[Date "2012.01.28"]
[Round "1.54"]
[White "Gavrilov,Al1"]
[Black "Myshkin,N"]
[Result "1-0"]
[WhiteElo "2498"]
[BlackElo "2268"]

1.d4 Nf6 2.c4 e6 3.Nf3 b6 4.g3 Ba6 5.Qa4 Bb7 6.Bg2 c5 7.dxc5 bxc5 8.O-O Be7
9.Nc3 O-O 10.Rd1 Qb6 11.Bf4 Rd8 12.Rab1 h6 13.a3 a5 14.Qb5 Qa7 15.Qb3 d6
16.h3 Nc6 17.g4 Rab8 18.Qa4 Qb6 19.e3 Rbc8 20.Qb5 Qa7 21.Qb3 Ba6 22.Nd2 Nd7
23.Bg3 Qb6 24.Qxb6 Nxb6 25.Bf1 a4 26.b4 cxb4 27.axb4 Nb8 28.b5 Bb7 29.Ra1 d5
30.Nxa4 Nxc4 31.Nxc4 dxc4 32.Nb6 Rxd1 33.Rxd1 Re8 34.Nxc4 Bf3 35.Rd2 f6 36.Bg2 Bxg2
37.Kxg2 e5 38.f4 exf4 39.exf4 Rc8 40.Ne3 Bb4 41.Rd3 Kf7 42.f5 Bc5 43.Kf3 Ke8
44.Nd5 Nd7 45.Rc3 Kd8 46.Nf4 Kc7 47.Ne6+ Kb6 48.Rd3 Ne5+ 49.Bxe5 fxe5 50.Rc3 Kxb5
51.Ke4  1-0

[Event "Moscow Open 2012 A"]
[Site "Moscow RUS"]
[Date "2012.01.29"]
[Round "2.44"]
[White "Korotylev,A"]
[Black "Denisov,I"]
[Result "1/2-1/2"]
[WhiteElo "2580"]
[BlackElo "2354"]

1.d4 Nf6 2.c4 e6 3.Nf3 b6 4.g3 Ba6 5.Qa4 Bb7 6.Bg2 c5 7.dxc5 bxc5 8.O-O Be7
9.Nc3 O-O 10.Rd1 Qb6 11.Bf4 Rd8 12.Rd2 h6 13.Rad1 d6 14.h3 a6 15.g4 Ra7 16.Qc2 Ba8
17.Bg3 Rad7 18.Ne5 Ra7 19.Bxa8 Rxa8 20.Nf3 Ra7 21.Ne4 Rad7 22.Nxf6+ Bxf6
23.h4 g6 24.g5 hxg5 25.hxg5 Bg7 26.Qe4 Nc6 27.e3 Qc7 28.Nh2 Ne7 29.Ng4 Nf5
30.Nf6+ Bxf6 31.gxf6 Qb6 32.Qh1 d5 33.e4 Nxg3 34.fxg3 Qd6 35.Qh4 Qe5 36.cxd5 exd5
37.Rh2 Qh5 38.Qxh5 gxh5 39.e5 Kh7 40.Rxh5+ Kg6 41.g4 Rb7 42.Kg2 Rxb2+ 43.Kg3 Rxa2
44.Rdh1 Ra3+ 45.Kh4 Rg8 46.Rg5+ Kh7 47.Rh5+ Kg6 48.Rg5+ Kh7 49.e6 fxe6 50.Kh5 Rg3
51.f7 Rxg5+ 52.Kxg5+ Kg7 53.Rh7+ Kf8 54.Kf6 Rf3+ 55.Kxe6 Re3+ 56.Kf6 Rf3+
57.Kg6 Ke7 58.g5 d4 59.Rh1 Rxf7 60.Rc1 d3 61.Rxc5 Rf2 62.Re5+ Kd6 63.Ra5 d2
64.Rxa6+ Kd5 65.Ra1 Re2 66.Rd1 Ke4  1/2-1/2

[Event "Moscow Open 2012 A"]
[Site "Moscow RUS"]
[Date "2012.01.30"]
[Round "3.53"]
[White "Naumkin,I"]
[Black "Losev,D"]
[Result "1-0"]
[WhiteElo "2443"]
[BlackElo "2321"]

1.d4 Nf6 2.Nf3 e6 3.c4 b6 4.g3 Ba6 5.b3 Bb4+ 6.Bd2 Be7 7.Bg2 c6 8.Bc3 d5
9.Nbd2 Nbd7 10.O-O O-O 11.Qc2 Rc8 12.e4 b5 13.e5 Ne8 14.c5 b4 15.Bxb4 Bxf1
16.Nxf1 a5 17.Bd2 Ra8 18.Re1 Nc7 19.h4 f5 20.exf6 Rxf6 21.N1h2 a4 22.b4 Nb5
23.Qd3 Nf8 24.Ne5 Qc7 25.Bg5 a3 26.Bxf6 gxf6 27.Neg4 Bd8 28.Qd2 Qg7 29.h5 Bc7
30.Bf1 Rb8 31.Bxb5 Rxb5 32.Re3 f5 33.Ne5 f4 34.Rxa3 Bxe5 35.dxe5 Qxe5 36.Ng4 Qg5
37.gxf4 Qh4 38.Qd4 h6  1-0

[Event "Moscow Open 2012 A"]
[Site "Moscow RUS"]
[Date "2012.01.30"]
[Round "3.18"]
[White "Khairullin,I"]
[Black "Goganov,A"]
[Result "1/2-1/2"]
[WhiteElo "2638"]
[BlackElo "2497"]

1.d4 Nf6 2.c4 e6 3.Nf3 b6 4.g3 Ba6 5.b3 d5 6.cxd5 exd5 7.Bg2 Bb4+ 8.Bd2 Bd6
9.O-O O-O 10.Nc3 Nbd7 11.Re1 Re8 12.Qc2 Bf8 13.Bf4 c6 14.a3 Bb7 15.b4 a5
16.Rab1 g6 17.Qb3 axb4 18.axb4 h6 19.Ne5 Nxe5 20.Bxe5 Ng4 21.b5 Nxe5 22.dxe5 Ra3
23.Qb2 d4 24.Na2 Qa8 25.bxc6 Bxc6 26.Bxc6 Qxc6 27.Nb4 Bxb4 28.Qxb4 Qc5 29.Qxb6 Qxb6
30.Rxb6 Rxe5 31.Rb2 d3 32.Kf1 dxe2+ 33.Rbxe2 Rxe2 34.Rxe2 h5 35.h4 Kg7 36.Kg2 Rb3
37.Re1 Ra3 38.Re2 Rc3 39.Re1 Ra3 40.Re2 Rb3  1/2-1/2

[Event "Moscow Open Women 2012"]
[Site "Moscow RUS"]
[Date "2012.01.31"]
[Round "4.7"]
[White "Mirzoeva,E"]
[Black "Galojan,L"]
[Result "1-0"]
[WhiteElo "2214"]
[BlackElo "2366"]

1.d4 Nf6 2.c4 e6 3.Nf3 b6 4.g3 Ba6 5.Qc2 Bb7 6.Bg2 d5 7.Ne5 Be7 8.O-O O-O
9.Nc3 c6 10.Rd1 a5 11.e4 Na6 12.Bf4 dxc4 13.Nxc4 b5 14.Ne5 a4 15.Qe2 Nc7
16.a3 Ra6 17.Nd3 Qc8 18.Rac1 Rd8 19.d5 exd5 20.exd5 Bd6 21.Bxd6 Rxd6 22.Nc5 cxd5
23.Nxa6 Rxa6 24.Nxd5 Bxd5 25.Bxd5 Nfxd5 26.Rxd5 Re6 27.Qd2 Re8 28.Rdc5 Re7
29.Qd6 Qd7 30.Qxd7  1-0

[Event "Moscow Open 2012 A"]
[Site "Moscow RUS"]
[Date "2012.02.01"]
[Round "5.49"]
[White "Naumkin,I"]
[Black "Zenzera,A"]
[Result "1-0"]
[WhiteElo "2443"]
[BlackElo "2337"]

1.d4 Nf6 2.Nf3 e6 3.c4 b6 4.g3 Ba6 5.b3 Bb4+ 6.Bd2 Bxd2+ 7.Qxd2 c6 8.Bg2 d5
9.O-O O-O 10.Na3 Qe7 11.Qb2 Nbd7 12.Rac1 Rac8 13.Rfd1 Ne4 14.e3 b5 15.Nd2 Nxd2
16.Rxd2 bxc4 17.bxc4 Rb8 18.Qc3 Nb6 19.c5 Nc4 20.Nxc4 Bxc4 21.e4 Rb7 22.Re1 Qd7
23.h4 Rfb8 24.Kh2 h6 25.Rc1 Rb4 26.Rcc2 Ra4 27.Rb2 Rxb2 28.Rxb2 Rxa2 29.Rb8+ Kh7
30.Kg1 Qc7 31.Rf8 Qe7 32.Rb8 Qf6 33.Rb2 Ra1+ 34.Kh2 Qg6 35.Qe3 Rd1 36.Rb7 a5
37.Qf3 Rxd4 38.h5 Qg5 39.Qxf7 Be2 40.exd5 exd5 41.Bh3 Bg4 42.f4 Rd2+ 43.Kg1 Rd1+
44.Kf2 Be6 45.Bf5+  1-0

[Event "Gibraltar Open"]
[Site "Caleta ENG"]
[Date "2012.02.02"]
[Round "10.82"]
[White "Osuna Vega,E"]
[Black "Duport,N SUI"]
[Result "1-0"]
[WhiteElo "2122"]
[BlackElo "2200"]

1.d4 Nf6 2.Nf3 e6 3.c4 b6 4.g3 Ba6 5.Qa4 Bb7 6.Bg2 c5 7.dxc5 bxc5 8.Nc3 Be7
9.O-O O-O 10.Rd1 Qb6 11.Qc2 h6 12.e4 d6 13.Bf4 Nc6 14.b3 Nd4 15.Nxd4 cxd4
16.e5 Bxg2 17.exf6 Bxf6 18.Kxg2 dxc3 19.Rxd6 Qb7+ 20.Kg1 a5 21.Rad1 a4 22.Be3 axb3
23.axb3 Rfb8 24.c5 Ra6 25.Rd7 Qa8 26.Bd4 Rd8 27.Rxd8+ Qxd8 28.Bxc3 Qa8 29.Bxf6 gxf6
30.Qc3 Kg7 31.Rc1 Qc6 32.b4 Ra7 33.Qc4 Rb7 34.Rb1 Rb5 35.Rd1 Rb8 36.Qg4+ Kf8
37.Qf4 e5 38.Qxh6+ Ke7 39.Qd2 Ke8 40.h4 Ke7 41.Qd3 Kf8 42.Rb1 Ke7 43.Qc4 Rd8
44.Ra1 Rd7 45.Qb3 Qe4 46.b5 Rb7 47.Qd1 Rxb5 48.Qd6+ Ke8 49.Rd1  1-0

[Event "ch-TUR w 2012"]
[Site "Kemer TUR"]
[Date "2012.02.02"]
[Round "8"]
[White "Ozturk,Ku"]
[Black "Abdimanoglu,B"]
[Result "1-0"]
[WhiteElo "2309"]
[BlackElo "1741"]

1.d4 Nf6 2.c4 e6 3.Nf3 b6 4.g3 Ba6 5.b3 Bb4+ 6.Bd2 Be7 7.Nc3 c6 8.e4 d5 9.Qc2 O-O
10.e5 Nfd7 11.Bd3 dxc4 12.bxc4 f5 13.exf6 Nxf6 14.O-O Ng4 15.Bxh7+ Kh8 16.Bf4 Nd7
17.h3 Nh6 18.Bd3 Nf5 19.Qe2 Bf6 20.Rad1 Qe8 21.g4 Nh4 22.Nxh4 Bxh4 23.Be5 Qf7
24.f4 Nf6 25.g5 Qh5 26.gxf6  1-0

[Event "Moscow Open 2012 A"]
[Site "Moscow RUS"]
[Date "2012.02.02"]
[Round "6.58"]
[White "Faizrakhmanov,Ramil"]
[Black "Kovalenko,I"]
[Result "0-1"]
[WhiteElo "2190"]
[BlackElo "2587"]

1.d4 Nf6 2.c4 e6 3.Nf3 b6 4.g3 Ba6 5.Qa4 c6 6.Nc3 b5 7.cxb5 cxb5 8.Nxb5 Qb6
9.Nc3 Bb4 10.Bg2 O-O 11.Qd1 Bxc3+ 12.bxc3 Rc8 13.Bd2 d5 14.O-O Nbd7 15.Rb1 Qc7
16.Re1 Ne4 17.Ng5 Nxd2 18.Qxd2 h6 19.Nh3 Qxc3 20.Qxc3 Rxc3 21.e4 dxe4 22.Bxe4 Rd8
23.d5 e5 24.Bf5 Nf6 25.Rxe5 g6 26.Be4 Bc8 27.Bg2 Rc2 28.a3 Ra2 29.Re3 Kg7
30.Rd1 Bg4 31.f3 Rxd5 32.Rxd5 Nxd5 33.Rd3 Be6 34.f4 Nf6 35.Nf2 Ra1+ 36.Bf1 a5
37.Rc3 a4 38.h3 Bb3 39.Kg2 Rxa3 40.Bc4 Ra2 41.Bxb3 Rxf2+ 42.Kxf2 Ne4+ 43.Ke3 Nxc3
44.Kd3 axb3 45.Kxc3 Kf6 46.Kxb3 Kf5 47.Kc4 Ke4 48.Kc5 Kf3 49.Kd6 Kxg3 50.Ke7 f5
51.Kf6 Kxh3 52.Kxg6 Kg4  0-1

[Event "Moscow Open 2012 A"]
[Site "Moscow RUS"]
[Date "2012.02.02"]
[Round "6.25"]
[White "Naumkin,I"]
[Black "Popov,Iv RUS"]
[Result "0-1"]
[WhiteElo "2443"]
[BlackElo "2599"]

1.d4 Nf6 2.Nf3 e6 3.c4 b6 4.g3 Ba6 5.b3 b5 6.cxb5 Bxb5 7.Bg2 Bb4+ 8.Bd2 a5
9.O-O Bc6 10.Qc2 Qc8 11.Bg5 Qb7 12.Bxf6 gxf6 13.a3 Be7 14.Nc3 d5 15.Rfe1 Nd7
16.Nd2 f5 17.e3 O-O 18.Ne2 Rfc8 19.Nf4 Qb6 20.Qd1 Nf6 21.Nf3 Be8 22.Ne5 Kh8
23.Bf3 c5 24.Bh5 Kg8 25.g4 Nxh5 26.gxh5 cxd4 27.Kh1 dxe3 28.Rxe3 Bf6 29.h6 Kf8
30.Qh5 Qd4 31.Rg1 Qxf4 32.Nd3 Qh4  0-1

[Event "Moscow Open 2012 A"]
[Site "Moscow RUS"]
[Date "2012.02.02"]
[Round "6.46"]
[White "Morozov,G"]
[Black "Sundararajan,K"]
[Result "1-0"]
[WhiteElo "2351"]
[BlackElo "2474"]

1.d4 Nf6 2.c4 e6 3.Nf3 b6 4.g3 Ba6 5.Nbd2 Bb4 6.Qc2 O-O 7.Bg2 d5 8.a3 Bxd2+
9.Nxd2 c5 10.dxc5 Nc6 11.Qa4 Bb7 12.cxd5 exd5 13.Nb3 Re8 14.Be3 Ne4 15.O-O Qf6
16.Rab1 Ne5 17.cxb6 axb6 18.Qb4 Nc4 19.Bd4 Qc6 20.Rfd1 Ra4 21.Qe1 Qb5 22.Na1 Ncd6
23.e3 Nf5 24.Nc2 Rc4 25.Qf1 Qc6 26.Nb4 Qh6 27.Rbc1 Qe6 28.b3 Rxc1 29.Rxc1 h5
30.h3 g5 31.Qd3 g4 32.hxg4 hxg4 33.Rc7 Ba8 34.Bxe4 dxe4 35.Qc4 Nxd4 36.Qxd4 Qxb3
37.Kg2 Qe6 38.Rd7 Kh7 39.Rd6 Qe5 40.Qxe5 Rxe5 41.Rxb6 Ra5 42.Ra6 Rxa6 43.Nxa6 Bc6
44.Nc5 Kg6 45.Kf1 Kf5 46.Ke1 Ke5 47.Kd2 Kd5 48.Nb3 Bb5 49.Kc3 Bf1 50.Kb4 Ba6
51.Nc5 Be2 52.a4 f5 53.a5 Kc6 54.Ne6  1-0

[Event "Moscow Open Women 2012"]
[Site "Moscow RUS"]
[Date "2012.02.03"]
[Round "7"]
[White "Huang Qian"]
[Black "Atalik,E"]
[Result "1/2-1/2"]
[WhiteElo "2389"]
[BlackElo "2481"]

1.Nf3 Nf6 2.c4 e6 3.d4 b6 4.g3 Ba6 5.Qc2 c5 6.Bg2 Bb7 7.O-O cxd4 8.Nxd4 Bxg2
9.Kxg2 Be7 10.Nc3 Qc8 11.Qa4 Nc6 12.Nxc6 Qxc6+ 13.Qxc6 dxc6 14.Bf4 O-O-O
15.Rad1 h5 16.h3 Nd7 17.Ne4 Nc5 18.Nxc5 Bxc5 19.Kf3 Bd4 20.Bc1 Bf6 21.e3 Kc7
22.Ke2 b5 23.cxb5 cxb5 24.Rxd8 Rxd8 25.Rd1 Rxd1 26.Kxd1 Kc6 27.Kc2 Be7 28.Kd3 f5
29.e4 Bf6 30.b3 a6 31.Be3 g6 32.f3 Be5 33.g4 fxg4 34.fxg4 hxg4 35.hxg4 Bc7
36.Bf2 Bd8 37.Bd4 Bg5 38.Ke2 Bc1 39.Kd3 Bg5 40.Ke2 Bc1 41.Kd3 Bg5  1/2-1/2

[Event "Moscow Open 2012 A"]
[Site "Moscow RUS"]
[Date "2012.02.03"]
[Round "7.58"]
[White "Shyam,SM"]
[Black "Zenzera,A"]
[Result "1/2-1/2"]
[WhiteElo "2462"]
[BlackElo "2337"]

1.d4 Nf6 2.c4 e6 3.Nf3 b6 4.g3 Ba6 5.Nbd2 Bb7 6.Bg2 c5 7.e4 cxd4 8.O-O d6
9.Nxd4 Qc8 10.a4 Nc6 11.Nxc6 Bxc6 12.a5 Be7 13.b4 bxa5 14.Rxa5 O-O 15.Bb2 Qb7
16.b5 Qc7 17.Qa1 Bb7 18.Rxa7 Rxa7 19.Qxa7 Ra8 20.Qe3 Nd7 21.Ra1 Rxa1+ 22.Bxa1 e5
23.Qa7 Bd8 24.Bc3 Qb6 25.Qxb6 Bxb6 26.Nb3 Kf8 27.Kf1 Ke7 28.f4 f6 29.h4 Nf8
30.fxe5 fxe5 31.c5 dxc5 32.Nd2 Bc7 33.Nc4 Ne6 34.Kf2 Nd4 35.b6 Bd6 36.Na5 Bc8
37.Bf1 Bd7 38.Bc4 Nc6 39.Nb7 Bc8 40.Nxd6 Kxd6 41.Ke3 Ne7 42.Kf3 Bb7 43.g4 Nc8
44.Ba5 Kd7 45.Bg8 h6 46.Bd5 Nd6 47.Bc3 Bxd5 48.exd5 Nc4 49.Ke4 Nxb6 50.Bxe5 g6
51.h5 gxh5 52.gxh5 Ke7 53.Bf4 Nd7  1/2-1/2

[Event "ch-TUR 2012"]
[Site "Kemer TUR"]
[Date "2012.02.04"]
[Round "9"]
[White "Koksal,E"]
[Black "Sanal,V"]
[Result "1-0"]
[WhiteElo "2121"]
[BlackElo "2278"]

1.d4 Nf6 2.c4 e6 3.Nf3 b6 4.g3 Ba6 5.Qa4 c5 6.Bg2 Bb7 7.O-O cxd4 8.Nxd4 Bxg2
9.Kxg2 Bc5 10.Rd1 Qc8 11.Nc3 O-O 12.e4 Bxd4 13.Rxd4 Qc5 14.Rd2 Rc8 15.b3 Qe5
16.Bb2 Nxe4 17.Nxe4 Qxe4+ 18.f3 Qe3 19.Rad1 Nc6 20.Qb5 f6 21.Qh5 Rf8 22.Rxd7 Qe2+
23.Kh3 Rad8 24.Qg4 Rxd7 25.Rxd7 Qf1+ 26.Kh4 g5+ 27.Kh5 Qe2 28.h4 Rf7 29.Rxf7 Kxf7
30.Qe4 Qxe4 31.fxe4 gxh4 32.gxh4 Kg7 33.Bc3 e5 34.b4 Nd8 35.Bd2 Nc6 36.Bc3 Nd8
37.Bd2 Nc6 38.Bc3 Nd8 39.Bd2 Nc6 40.Bc3 Nd8 41.Bd2 Nb7 42.Bh6+ Kf7 43.Be3 Nd6
44.c5 bxc5 45.Bxc5 Nxe4 46.Bxa7 f5 47.Bg1 Ke6 48.a4 Nf6+ 49.Kg5 Ne4+ 50.Kh5 Nf6+
51.Kg5 Ne4+ 52.Kh6 f4 53.a5 Kd7 54.a6 Kc8 55.Kxh7 f3 56.Kg6 f2 57.Bxf2 Nxf2
58.h5 Ng4 59.Kf5 Nh6+ 60.Kxe5 Kc7 61.Kf6 Kb6 62.b5  1-0

[Event "Moscow Open 2012 A"]
[Site "Moscow RUS"]
[Date "2012.02.04"]
[Round "8.44"]
[White "Morozov,G"]
[Black "Deepan,C"]
[Result "0-1"]
[WhiteElo "2351"]
[BlackElo "2495"]

1.d4 Nf6 2.c4 e6 3.Nf3 b6 4.g3 Ba6 5.Nbd2 Bb4 6.Qc2 O-O 7.Bg2 d5 8.a3 Bxd2+
9.Nxd2 c5 10.dxc5 bxc5 11.O-O Qb6 12.b4 Nbd7 13.b5 Bb7 14.a4 d4 15.a5 Qc7
16.f3 Rad8 17.e4 Ne8 18.f4 Nd6 19.Qd3 f6 20.h3 g6 21.Nb3 e5 22.g4 f5 23.gxf5 gxf5
24.fxe5 Nxe4 25.Bf4 Kh8 26.Kh2 Rg8 27.Rae1 Nxe5 28.Qc2 Qe7 29.Rg1 Rde8 30.Nc1 Ng4+
31.hxg4 Qh4+ 32.Bh3 Nf2 33.Rg3 Rxe1 34.Be5+ Rg7 35.Bxg7+ Kg8  0-1

[Event "Moscow Open 2012 A"]
[Site "Moscow RUS"]
[Date "2012.02.05"]
[Round "9.41"]
[White "Petrosyan,M"]
[Black "Nozdrachev,V"]
[Result "1-0"]
[WhiteElo "2205"]
[BlackElo "2463"]

1.d4 Nf6 2.Nf3 e6 3.c4 b6 4.g3 Ba6 5.b3 Bb4+ 6.Bd2 Be7 7.Bg2 d5 8.Bc3 O-O
9.Nbd2 Nbd7 10.Ne5 Bb7 11.O-O Rc8 12.Bb2 c5 13.e3 cxd4 14.exd4 Rc7 15.Rc1 Qa8
16.Re1 dxc4 17.Bxb7 Qxb7 18.bxc4 b5 19.c5 Qd5 20.Nd3 Qxa2 21.Nb3 Qa4 22.Ra1 Qc4
23.Rc1 Qd5 24.Nf4 Qf5 25.c6 Bd6 26.cxd7 Bxf4 27.gxf4 Rxd7 28.Qf3 Nd5 29.Nc5 Rc7
30.Nd3 Rxc1 31.Bxc1 Rc8 32.Bd2 Rc4 33.Nb4 Rxd4 34.Bc3 Rxb4 35.Bxb4 h6 36.Bd2 b4
37.Re5 Qc2 38.Be1 b3 39.Rxd5 exd5 40.Qc3 d4 41.Qxc2 bxc2 42.Bd2 a5 43.Kf1 a4
44.Bc1 Kh7 45.f5 g5 46.Ke2 Kg7 47.Kd3 Kf6 48.Ke4 g4 49.Kf4 d3 50.Bb2+ Ke7
51.Ke3 Kd6 52.Kxd3 Kd5 53.Ke3 h5 54.Kd3 h4 55.Ke3 Kc4 56.Kd2 Kd5 57.Kd3 h3
58.Ke3 Kc4 59.Kd2 Kb3 60.Bg7 a3 61.Kc1  1-0

[Event "ch-Central Serbia 2012"]
[Site "Pozarevac SRB"]
[Date "2012.02.13"]
[Round "1.9"]
[White "Njegic,Vladimir"]
[Black "Rajkovic,Du"]
[Result "0-1"]
[WhiteElo "2114"]
[BlackElo "2422"]

1.d4 Nf6 2.c4 e6 3.Nf3 b6 4.g3 Ba6 5.Qc2 c5 6.Bg2 Bb7 7.O-O cxd4 8.Nxd4 Bxg2
9.Kxg2 Qc7 10.e4 d6 11.b3 Nbd7 12.Nc3 a6 13.Bb2 Be7 14.Qe2 O-O 15.h3 Rfe8
16.Kh2 Bf8 17.Rfe1 g6 18.Rad1 Bg7 19.Nc2 Nc5 20.Nb4 h5 21.f4 Rad8 22.Nd3 Nb7
23.Nb4 Ra8 24.Rd2 Nd7 25.Qf3 Rec8 26.Re3 Ndc5 27.g4 hxg4 28.hxg4 b5 29.cxb5 axb5
30.Nxb5 Qa5 31.Bxg7 Kxg7 32.Nxd6 Nxd6 33.Rxd6  0-1

[Event "ch-Central Serbia w 2012"]
[Site "Pozarevac SRB"]
[Date "2012.02.15"]
[Round "3.3"]
[White "Rakic,Ma"]
[Black "Benderac,A"]
[Result "0-1"]
[WhiteElo "2295"]
[BlackElo "2291"]

1.d4 Nf6 2.c4 e6 3.Nf3 b6 4.g3 Ba6 5.Nbd2 Bb4 6.Qc2 O-O 7.Bg2 d5 8.Ne5 c5
9.O-O cxd4 10.cxd5 Nxd5 11.Ndf3 Qc8 12.Qd1 Nd7 13.Bd2 Nxe5 14.Nxe5 Bd6 15.Rc1 Qb7
16.Nc4 Bxc4 17.Rxc4 Be5 18.Bf4 Bf6 19.Rc7 Qa6 20.Bxd5 exd5 21.Qb3 Qxe2 22.Bd6 Rfe8
23.Qxd5 Qe6 24.Qxe6 Rxe6 25.Bf4 h6 26.Rd1 g5 27.Bd2 a5 28.a4 Rd8 29.b3 Rd5
30.Kf1 Rf5 31.b4 axb4 32.Bxb4 Rf3 33.Rdc1 Rb3 34.Be1 Ra3 35.R7c4 Ra2 36.Rd1 Kg7
37.Bd2 Kg6 38.h3 h5 39.Rb4 Ra3 40.Be1 Bg7 41.Rdb1 Bf6 42.Rd1 Ra2 43.Bd2 Rc2
44.Rb5 Rc4 45.a5 bxa5 46.Bxa5 Rc2 47.Rd5 Rb2 48.Be1 g4 49.hxg4 hxg4 50.Bd2 Be5
51.Bc1 Rc2 52.Re1 Bf6 53.Bf4 Ra2 54.Rd7 Rc6 55.Kg2 Rcc2 56.Rf1 Re2 57.Rd5 Ra3
58.Rd7 Rf3 59.Rd5 d3 60.Bc1 Be7 61.Kg1 Bb4 62.Rd4 Be1 63.Be3 d2 64.Rxg4+ Kf5
65.Rd4 Ke5 66.Rd7 Ke6 67.Rd3 Bxf2+ 68.Rxf2 Re1+ 69.Kg2 Rxf2+ 70.Kxf2 d1=Q
71.Rxd1 Rxd1  0-1

[Event "ch-Central Serbia w 2012"]
[Site "Pozarevac SRB"]
[Date "2012.02.15"]
[Round "4.2"]
[White "Panic,A"]
[Black "Rakic,Ma"]
[Result "1-0"]
[WhiteElo "1928"]
[BlackElo "2295"]

1.d4 Nf6 2.c4 e6 3.Nf3 b6 4.g3 Ba6 5.b3 b5 6.cxb5 Bxb5 7.Bg2 Bc6 8.O-O a5
9.a3 Be7 10.Nbd2 O-O 11.Qc2 d5 12.Ne5 Bb7 13.Bb2 Nfd7 14.Nd3 Ba6 15.Rfe1 Bxd3
16.Qxd3 f5 17.f3 Bg5 18.e4 Nb6 19.a4 Be7 20.Rac1 Na6 21.Qe2 Bd6 22.Bh3 Qd7
23.Kh1 Nb4 24.Rg1 Rae8 25.e5 Be7 26.f4 Rf7 27.Rcf1 Bd8 28.g4 fxg4 29.Bxg4 Ref8
30.f5 Qe7 31.f6 Qd7 32.Bh5 g6 33.Nf3 Bxf6 34.exf6 Rxf6 35.Bg4 Nc6 36.Ne5 Nxe5
37.Rxf6 Rxf6 38.Qxe5 Qf7 39.Bc1 Nd7 40.Qxc7 Rf1 41.Bh6 Rxg1+ 42.Kxg1 Qf6
43.Qc8+  1-0

[Event "ch-Central Serbia 2012"]
[Site "Pozarevac SRB"]
[Date "2012.02.16"]
[Round "5.2"]
[White "Rajkovic,Du"]
[Black "Radovanovic,D"]
[Result "1/2-1/2"]
[WhiteElo "2422"]
[BlackElo "2367"]

1.d4 Nf6 2.c4 e6 3.Nf3 b6 4.g3 Ba6 5.Nbd2 Bb4 6.Qc2 O-O 7.Bg2 d5 8.O-O c5
9.dxc5 Bxc5 10.e4 Nbd7 11.Qa4 Qc8 12.b4 dxe4 13.Ng5 Bd4 14.Ngxe4 Bxc4 15.Nxc4 Qxc4
16.Nxf6+ Nxf6 17.Bxa8 Bxa1 18.Qxa7 Bd4 19.Bf3 Nd5 20.a3 h6 21.Qb7 Rd8 22.Kg2 Qc2
23.Bxd5 Rxd5 24.Qb8+ Kh7 25.Qf4 f5 26.Qd2 Qc6 27.Kg1 b5 28.Bb2 Bxb2 29.Qxb2 e5
30.Rc1 Qd6 31.Qe2 e4 32.h4 Qe5 33.Re1 Qd6 34.Rc1 Qe5 35.Re1 Qd6  1/2-1/2

[Event "ch-Central Serbia w 2012"]
[Site "Pozarevac SRB"]
[Date "2012.02.18"]
[Round "9.2"]
[White "Rakic,Ma"]
[Black "Panic,A"]
[Result "0-1"]
[WhiteElo "2295"]
[BlackElo "1928"]

1.d4 Nf6 2.c4 e6 3.Nf3 b6 4.g3 Ba6 5.Nbd2 Bb4 6.Qc2 O-O 7.Bg2 Bb7 8.O-O d5
9.Ne5 Be7 10.Nd3 Nbd7 11.cxd5 exd5 12.b4 c6 13.Nb3 Re8 14.f3 Rc8 15.Bd2 Nf8
16.Rfe1 Ne6 17.Rac1 Bf8 18.Qb2 Nd7 19.a3 Ba6 20.Nf4 Bc4 21.Nxe6 Rxe6 22.e4 Bxb3
23.Qxb3 dxe4 24.fxe4 Re8 25.e5 Nxe5 26.dxe5 Qxd2 27.Rcd1 Qg5 28.Rf1 Rc7 29.Bxc6 Rxe5
30.Rf4 Rf5 31.Rdf1 g6 32.Rxf5 gxf5 33.Bd5 Kg7 34.Qb2+ f6 35.Qe2 Re7 36.Be6 h5
37.Rf4 Re8 38.Qc4 Bd6 39.Rf3 Qd2 40.Bxf5 Re1+ 41.Rf1 Re2 42.Qh4 Qd5 43.Be4 Qd4+
44.Kh1 Qxe4+ 45.Qxe4 Rxe4 46.Rd1 Re6 47.Kg2 Kf7 48.Rd5 Kg6 49.Kf3 a6 50.h3 b5
51.g4 hxg4+ 52.hxg4 Be5 53.Rd8 Bb2 54.Rg8+ Kf7 55.Rd8 Bxa3 56.Rd4 Rc6 57.Ke3 Bb2
58.Rd7+ Ke6 59.Rg7 Bc3 60.g5 fxg5 61.Rxg5 Bxb4 62.Kd3 Kd6 63.Rg7 Kc5 64.Kc2 Kb6+
65.Kb3 a5 66.Rg8 Bd6 67.Ra8 a4+ 68.Kb2 Kc5 69.Re8 b4 70.Re4 Kd5 71.Rh4 Rc4
72.Rh7 a3+ 73.Kb1 b3 74.Rd7 Kc5 75.Ra7 a2+  0-1